E92(第二阪奈道路)のIC - Statistics

General Stats
  • This quiz has been taken 32 times
  • The average score is 4 of 5
Answer Stats
第二阪奈道路 % Correct
IC 宝来
88%
IC 壱分
81%
IC 小瀬
69%
IC 中町
65%
IC 西石切
50%
No matching quizzes found
Score Distribution
Percent of People with Each Score
Percentile by Number Answered
Your Score History
You have not taken this quiz